Random Words In Korean - Statistics

General Stats
  • This quiz has been taken 263 times
  • The average score is 8 of 15
Answer Stats
Korean English % Correct
우유 Milk
93%
누나 (Older) Sister
80%
쓰레기 Trash
68%
두부 Tofu
64%
Nose
60%
자동차 Car
59%
바지 Pants
59%
감자 Potato
54%
포도 Grape
48%
뜨거워 Hot
43%
모자 Hat
42%
사자 Lion
39%
구두 Shoes
27%
Hair
19%
가지 Eggplant
15%
No matching quizzes found
Score Distribution
Percent of People with Each Score
Percentile by Number Answered
Your Score History
You have not taken this quiz